[Event "CZE-ch U16 Girls"]
[Site "Sec u Chrudimi"]
[Date "2008.03.15"]
[Round "9"]
[White "Pokorna, Karolina"]
[Black "Zorklerova, Eliska"]
[Result "0-1"]
[WhiteElo "1410"]
[BlackElo "1514"]
[PlyCount "140"]
[EventDate "2008.03.08"]
[EventType "swiss"]
[EventRounds "9"]
[EventCountry "CZE"]
[SourceTitle "EXT 2009"]
[Source "ChessBase"]
[SourceDate "2008.11.26"]
[SourceVersion "1"]
[SourceVersionDate "2008.11.26"]
[SourceQuality "1"]

1. e4 f5 2. exf5 Nf6 3. Be2 d5 4. Bh5+ Kd7 5. Qe2 Nxh5 6. Qxh5 Qe8 7. Qd1 Qf7 8. d4 Qxf5 9. Nc3 e6 10. Nf3 Bb4 11. Bd2 Bxc3 12. Bxc3 Qe4+ 13. Qe2 Qxe2+ 14. Kxe2 Nc6 15. Rhe1 b6 16. Kd2 Rf8 17. Re3 Ba6 18. Rae1 Rae8 19. Kc1 h6 20. h3 g5 21. Rd1 Rf7 22. a3 Kd6 23. Ree1 Rg8 24. Rd2 g4 25. hxg4 Rxg4 26. Ne5 Nxe5 27. dxe5+ Kd7 28. g3 c5 29. b3 d4 30. Rh1 Ke7 31. Bb2 Rf5 32. Rxh6 Rxe5 33. Rh7+ Kd6 34. Rxa7 Be2 35. Rf7 Rge4 36. Kb1 Bh5 37. Rf6 Re1+ 38. Ka2 R1e2 39. Rxe2 Rxe2 40. Kb1 Ke7 41. Rh6 Bf3 42. Rh2 Re1+ 43. Bc1 Be4 44. f4 d3 45. cxd3 Bxd3+ 46. Kb2 Rg1 47. Rd2 Rxg3 48. Rf2 Be4 49. Bd2 Bd5 50. Bc3 b5 51. Kc2 Be4+ 52. Kb2 Bd5 53. Kc2 c4 54. bxc4 Bxc4 55. Kb2 Rd3 56. Kc2 Rg3 57. Kd2 Kd6 58. f5 exf5 59. Rxf5 Rg2+ 60. Kc1 Rg1+ 61. Kd2 Rg2+ 62. Kc1 Rg3 63. Kd2 Rd3+ 64. Kc2 Rg3 65. Kd2 Rg2+ 66. Kc1 Bd3 67. Re5 Rc2+ 68. Kd1 Rxc3 69. Rh5 Rxa3 70. Rh6+ Kc5 0-1

[Event "CZE-ch U16 Girls"]
[Site "Sec u Chrudimi"]
[Date "2008.03.13"]
[Round "7"]
[White "Novotna, Kristyna"]
[Black "Zorklerova, Eliska"]
[Result "1/2-1/2"]
[WhiteElo "1441"]
[BlackElo "1514"]
[PlyCount "30"]
[EventDate "2008.03.08"]
[EventType "swiss"]
[EventRounds "9"]
[EventCountry "CZE"]
[SourceTitle "EXT 2009"]
[Source "ChessBase"]
[SourceDate "2008.11.26"]
[SourceVersion "1"]
[SourceVersionDate "2008.11.26"]
[SourceQuality "1"]

1. e4 e5 2. Nf3 Nc6 3. Nc3 Nf6 4. Bc4 Bb4 5. 0-0 0-0 6. d3 h6 7. Bd2 d6 8. h3 a6 9. Nh2 b5 10. Bd5 Nxd5 11. Nxd5 Bxd2 12. Qxd2 Be6 13. f4 Ne7 14. Nxe7+ Qxe7 15. f5 Bd7 1/2-1/2

[Event "CZE-ch U14 Girls"]
[Site "Sec u Chrudimi"]
[Date "2007.03.12"]
[Round "3"]
[White "Zorklerova, Eliska"]
[Black "Jezkova, Martina"]
[Result "1-0"]
[WhiteElo "1277"]
[BlackElo "1257"]
[PlyCount "73"]
[EventDate "2007.03.10"]
[EventType "swiss"]
[EventRounds "9"]
[EventCountry "CZE"]
[SourceTitle "EXT 2008"]
[Source "ChessBase"]
[SourceDate "2007.11.25"]
[SourceVersion "1"]
[SourceVersionDate "2007.11.25"]
[SourceQuality "1"]

1. e4 e5 2. Nf3 Nc6 3. Bb5 Nf6 4. d3 Bc5 5. 0-0 0-0 6. Nc3 d5 7. Bxc6 bxc6 8. Nxe5 Qd6 9. Bf4 Qe6 10. exd5 cxd5 11. Re1 Re8 12. d4 Bd6 13. Nb5 Ba6 14. Nxd6 Qxd6 15. Qf3 Bc8 16. Nxf7 Qd7 17. Rxe8+ Qxe8 18. Ne5 Bf5 19. Bg5 Bg6 20. Bxf6 gxf6 21. Qxd5+ Kg7 22. Nxg6 hxg6 23. h3 Rb8 24. Qa5 Rxb2 25. Qxc7+ Kh6 26. Qc3 Rb7 27. Re1 Qd8 28. Re6 Rd7 29. Qe3+ Kg7 30. Re8 Qc7 31. d5 Qxc2 32. Re7+ Rxe7 33. Qxe7+ Kh6 34. d6 Qc5 35. Qe3+ Qxe3 36. fxe3 Kg7 37. d7 1-0